5HLuxD.jpg

KING HENRY VIII SENIOR AND PRIMARY SCHOOL LIBRARY OPAC

Wicked Girls : (Record no. 91)

000 -LEADER
fixed length control field 01247nam a2200385 i 4500
001 - CONTROL NUMBER
control field vtls000732321
003 - CONTROL NUMBER IDENTIFIER
control field PNM
005 - DATE AND TIME OF LATEST TRANSACTION
control field 20190725145545.0
008 - FIXED-LENGTH DATA ELEMENTS--GENERAL INFORMATION
fixed length control field 160506t20102010nyu g 000 fdeng d
020 ## - INTERNATIONAL STANDARD BOOK NUMBER
International Standard Book Number 9780061853302
Qualifying information paperback
039 #9 - LEVEL OF BIBLIOGRAPHIC CONTROL AND CODING DETAIL [OBSOLETE]
Level of rules in bibliographic description 201605061748
Level of effort used to assign nonsubject heading access points VLOAD
Level of effort used to assign subject headings 201402120935
Level of effort used to assign classification fadzli
040 ## - CATALOGING SOURCE
Original cataloging agency DLC
Language of cataloging eng
Transcribing agency PNM
Description conventions rda
049 ## - LOCAL HOLDINGS (OCLC)
Holding library klp
082 04 - DEWEY DECIMAL CLASSIFICATION NUMBER
Classification number FIC HEM
Edition number 23
090 00 - LOCALLY ASSIGNED LC-TYPE CALL NUMBER (OCLC); LOCAL CALL NUMBER (RLIN)
Classification number (OCLC) (R) ; Classification number, CALL (RLIN) (NR) 813.6
Local cutter number (OCLC) ; Book number/undivided call number, CALL (RLIN) HEM
090 20 - LOCALLY ASSIGNED LC-TYPE CALL NUMBER (OCLC); LOCAL CALL NUMBER (RLIN)
Local cutter number (OCLC) ; Book number/undivided call number, CALL (RLIN) HEM
100 1# - MAIN ENTRY--PERSONAL NAME
Personal name Hemphill, Stephanie,
Relator term author.
245 10 - TITLE STATEMENT
Title Wicked Girls :
Remainder of title a novel of the salem witch trials /
Statement of responsibility, etc. Stephanie Hemphill
250 ## - EDITION STATEMENT
Edition statement First paperback edition, 2013
264 #1 - PRODUCTION, PUBLICATION, DISTRIBUTION, MANUFACTURE, AND COPYRIGHT NOTICE
Place of production, publication, distribution, manufacture New York :
Name of producer, publisher, distributor, manufacturer BALZER + BRAY,
Date of production, publication, distribution, manufacture, or copyright notice 2010
264 #4 - PRODUCTION, PUBLICATION, DISTRIBUTION, MANUFACTURE, AND COPYRIGHT NOTICE
Date of production, publication, distribution, manufacture, or copyright notice ©2010
300 ## - PHYSICAL DESCRIPTION
Extent 408, 17 pages ;
Dimensions 20 cm
336 ## - CONTENT TYPE
Content type term text
Source rdacontent
337 ## - MEDIA TYPE
Media type term unmediated
Source rdamedia
338 ## - CARRIER TYPE
Carrier type term volume
Source rdacarrier
650 10 - SUBJECT ADDED ENTRY--TOPICAL TERM
Topical term or geographic name entry element Trials (Witchcraft)
Geographic subdivision Massachusetts
-- Salem
General subdivision History
Form subdivision Fiction
650 20 - SUBJECT ADDED ENTRY--TOPICAL TERM
Topical term or geographic name entry element Witchcraft
Geographic subdivision Massachusetts
-- Salem
General subdivision History
Form subdivision Fiction
651 #0 - SUBJECT ADDED ENTRY--GEOGRAPHIC NAME
Geographic name Salem (Mass.)
General subdivision History
Chronological subdivision Colonial period, ca. 1600-1775
Form subdivision Fiction
700 ## - ADDED ENTRY--PERSONAL NAME
Personal name Shappell, Ray
Relator term Cover designer
942 ## - ADDED ENTRY ELEMENTS (KOHA)
Source of classification or shelving scheme
Koha item type Books - Fiction
949 ## - LOCAL PROCESSING INFORMATION (OCLC)
6 3000003689
a 813.6 HEM
e 2167280
949 ## - LOCAL PROCESSING INFORMATION (OCLC)
6 1001205641
e 2167281
949 ## - LOCAL PROCESSING INFORMATION (OCLC)
6 1001205642
e 2167282
949 ## - LOCAL PROCESSING INFORMATION (OCLC)
6 1001205643
e 2167283
Holdings
Withdrawn status Lost status Source of classification or shelving scheme Damaged status Not for loan Collection code Permanent Location Current Location Shelving location Date acquired Full call number Barcode Date last seen Price effective from Koha item type
          Fiction KH8 Senior School Library KH8 Senior School Library Fiction 2019-07-25 FIC HEM 3KHSL000101242 2024-07-16 2019-07-25 Books - Fiction

Powered By KH8 IT Dept